000 00950nam a22003017a 4500
001 BR9403240
003 BR-BrBNA
005 20230928094210.0
007 ta
008 230509b bl.||||| |||| 00| 0 por d
040 _aBR-BrBNA
_bpor
_cBiblioteca Nacional de Agricultura
041 _a(Por)
072 _aQ03
_b9705
_b4110
090 _ 9705 BR9403240
100 1 _aLage, M.E
110 1 _aUniversidade Federal de Minas Gerais, Belo Horizonte, (Brasil). Escola de Veterinaria
_0Tese (Mestrado)
245 1 _aOcorrencia da Listeria spp em carne de frango no mercado da cidade de Belo Horizonte, MG
260 3 _aBelo Horizonte, MG (Brasil):
_c1993.
300 _a85 p.
500 _aBibliography p. 69-85 (129 ref.); Summaries (Eng, Por); 10 tables
650 _aFrango
650 _aCarne
650 _aInspecao Sanitaria
650 _aListeriose
650 _aMinas Gerais
909 _a202309
_bLucia
_c55
_dLucia Elande
942 _cBK
999 _c49343
_d49343